Statistical techniques in business & economics / (Record no. 14829)

000 -LEADER
fixed length control field 00924cam a22002654a 4500
020 ## - INTERNATIONAL STANDARD BOOK NUMBER
ISBN 0072868244 (alk. paper)
020 ## - INTERNATIONAL STANDARD BOOK NUMBER
ISBN 0072868252 (international : alk. paper)
040 ## - CATALOGING SOURCE
Transcribing agency DLC
082 00 - DEWEY DECIMAL CLASSIFICATION NUMBER
Classification number 519 MCG 2005 A062 Or.
100 1# - MAIN ENTRY--AUTHOR NAME
Personal name Lind, Douglas A.
245 10 - TITLE STATEMENT
Title Statistical techniques in business & economics /
246 3# - VARYING FORM OF TITLE
Title proper/short title Statistical techniques in business and economics
250 ## - EDITION STATEMENT
Edition statement 12th ed.
260 ## - PUBLICATION, DISTRIBUTION, ETC. (IMPRINT)
Place of publication Boston :
Name of publisher McGraw-Hill Irwin,
Year of publication c2005.
300 ## - PHYSICAL DESCRIPTION
Number of Pages xv, 800 p. :
Other physical details col. ill. ;
Dimensions 28 cm. +
Accompanying material 1 CD-ROM (4 3/4 in.)
490 1# - SERIES STATEMENT
Series statement McGraw-Hill/Irwin series. Operations and decision sciences
500 ## - GENERAL NOTE
General note Student CD-ROM includes tutorials, quizzes, solved problems, data sets, and data files.
500 ## - GENERAL NOTE
General note Includes index.
650 #0 - SUBJECT ADDED ENTRY--TOPICAL TERM
Topical Term Social sciences
650 #0 - SUBJECT ADDED ENTRY--TOPICAL TERM
Topical Term Economics
650 #0 - SUBJECT ADDED ENTRY--TOPICAL TERM
Topical Term Commercial statistics.
700 1# - ADDED ENTRY--PERSONAL NAME
Personal name Marchal, William G.
700 1# - ADDED ENTRY--PERSONAL NAME
Personal name Wathen, Samuel Adam.
942 ## - ADDED ENTRY ELEMENTS (KOHA)
Koha item type សៀវភៅភាសាអង់គ្លេស
952 ## - LOCATION AND ITEM INFORMATION (KOHA)
Withdrawn status [LOCAL, KOHA] 0
Holdings
Permanent Location Date acquired Koha item type Lost status Shelving location Barcode Current Location Full call number
Library Block A2017-10-27សៀវភៅភាសាអង់គ្លេស A062A06227Library Block A519 MCG 2005 A062 Or.
មជ្ឈមណ្ឌលឯការនៃសាកលវិទ្យាល័យភូមិន្ទកសិកម្មចំការដូង

Powered by Koha